Teoría de la interpretación jurídica
Saved in:
| Hovedforfatter: | |
|---|---|
| Format: | Bog |
| Sprog: | spansk |
| Udgivet: |
Bogotá
Temis
1991
|
| Fag: | |
| Tags: |
Tilføj Tag
Ingen Tags, Vær først til at tagge denne postø!
|
MARC
| LEADER | 00000nam a2200000 a 4500 | ||
|---|---|---|---|
| 001 | UCX9184 | ||
| 003 | CL-VaPUC | ||
| 008 | 940519e19910000CK |||||||||||||||||spa|d | ||
| 082 | 0 | 4 | |a 340.11 |b FRO |2 21 |
| 100 | 0 | |a Frosini, Vittorio |e author |9 326529 | |
| 245 | 1 | 0 | |a Teoría de la interpretación jurídica |
| 300 | |a 136 p | ||
| 942 | |c BK | ||
| 945 | |d 19940519 00:00:00 |a aalvarez | ||
| 260 | |a Bogotá |b Temis |c 1991 | ||
| 650 | 7 | |a INTERPRETACION DEL DERECHO |2 CL-VaPUC |9 326530 | |
| 583 | |a last modification |c 19940519 00:00:00 |k Rodrigo Vera | ||
| 999 | |c 228497 |d 228495 | ||
| 952 | |0 0 |1 0 |4 0 |6 340_110000000000000_FRO_1991 |7 0 |8 DER_TF |9 228646 |a BIBDER |b BIBDER |d 2019-11-15 |i 2981297 |o 340.11 FRO 1991 |p 2981297 |r 2023-01-25 |w 2019-11-15 |x Ubicación 4to Piso |y BK |z Estos recursos deben solicitarse con anticipación |k DER | ||
| 952 | |0 0 |1 0 |4 0 |6 340_110000000000000_FRO_1991 |7 0 |8 A |9 228647 |a BIBDER |b BIBDER |d 2019-11-15 |i 3505510 |o 340.11 FRO 1991 |p 3505510 |r 2023-01-25 |w 2019-11-15 |y BK |k DER | ||